• 首页
  • 本馆介绍
  • 公告通知
  • 最新文献
  • 馆藏检索
  • 电子资源
  • 读者导购
  • 参考咨询
  • 我的图书馆
  • 登录
  • 详细信息显示
  • 放入我的书架
  • 预约/预借图书
  • 作者相关作品
  • 分类相关作品
  • 丛书相关作品
  • 出版社相关作品

书目信息

  • 表格格式
  • 工作单格式
  • 卡片格式
题名:
色彩传递
    
 
作者: 姚晓东 编著
分册:  
出版信息: 南昌   江西美术出版社  2003
页数: 93页
开本: 23cm
丛书名: 创意设计前沿
单 册:
中图分类: J063
科图分类:
主题词: 色彩--设计
电子资源:
ISBN: 7-80690-087-X
000 00718oam2 2200241 45
001 002308323
005 20050323081259.3
010    @a7-80690-087-X@dCNY20.00
100    @a20030224d2003 em y0chiy0110 ea
101 0  @achi
102    @aCN@b360000
105    @aa z 000yy
200 1  @a色彩传递@Ase cai chuan di@f姚晓东编著@FYao Xiao Dong Bian Zhu
210    @a南昌@c江西美术出版社@d2003
215    @a93页@c图@d23cm
225 2  @a创意设计前沿
330    @a本书分为三章,内容包括:设计色彩的功能化传递、设计色彩的心理传递、设计色彩的实际运用。
410    @12001 @a创意设计前沿
606 0  @a色彩@x设计
690    @aJ063@v4
701  0 @a姚晓东@4编著
801  0 @aCN@bNLC@c20030603
905    @f1@b345603@dJ063@e121
    
    色彩传递/姚晓东编著.-南昌:江西美术出版社,2003
    93页:图;23cm.-(创意设计前沿)
    
    
    ISBN 7-80690-087-X:CNY20.00
    本书分为三章,内容包括:设计色彩的功能化传递、设计色彩的心理传递、设计色彩的实际运用。
●
相关链接 在E读中查询图书 在五车中查询图书 在当当中查询图书 在豆瓣中查询图书


正题名:色彩传递     索取号:J063/121         预约/预借

序号 登录号 条形码 馆藏地/架位号 状态 备注
1 0345603   203456036   第一样本阅览室/ [索取号:J063/121] 在馆    
唐山师范学院图书馆 欢迎您!
大连网信软件有限公司© 版权所有